000 00487nam a2200181Ia 4500
003 OSt
005 20260324120013.0
008 190216s9999||||xx |||||||||||||| ||und||
020 _a9788126404391
040 _coclc
082 _a823.8
_bDIC/O
100 _aDickens, Charles
_94855
245 0 _aOliver Twist /
_cCharles Dickens
260 _bDc Books,
_a Kottayam:
_c2005.
300 _a116p
650 _aNovel
942 _cBK
_2ddc
_h823.8
_iDIC/O
_k823.8
_mDIC/O
999 _c29253
_d29253